[Event "Challenge"]
[Site "http://www.queenalice.com/game.php?id=141326"]
[Date "2006.12.14"]
[Round "-"]
[White "cabelo"]
[Black "porco666"]
[Result "1/2-1/2"]
[WhiteElo "1604"]
[BlackElo "1703"]

1. e4 d5 2. exd5 Qxd5 3. Nc3 Qe5+ 4. Qe2 Qe6 5. Qxe6 Bxe6 6. d4 c6 7. Nf3 Bc8 8.
Bc4 e6 9. Bf4 Bb4 10. O-O-O c5 11. d5 exd5 12. Rhe1+ Be6 13. Bxd5 Nc6 14. Bxe6
fxe6 15. Rxe6+ Kf7 16. Ng5+ Kf8 17. Nd5 h6 18. Bd6+ Nce7 19. Nxe7 hxg5 20. Ng6+
Kf7 21. Nxh8+ Kxe6 22. c3 Rd8 23. Ng6 Rxd6 24. Rxd6+ Kxd6 25. cxb4 cxb4 26. Nf8
Nf6 27. Kc2 Ng4 28. Kb3 a5 29. Nh7 1/2-1/2

[Event "Let's Play Chess!"]
[Site "http://www.queenalice.com/game.php?id=141639"]
[Date "2006.12.14"]
[Round "-"]
[White "porco666"]
[Black "CampbellMarcel"]
[Result "0-1"]
[WhiteElo "1467"]
[BlackElo "1738"]

1. d4 e6 2. d5 exd5 3. Qxd5 Nf6 4. Qe5+ Be7 5. Qg5 O-O 6. Qb5 c6 7. Qe5 d6 8.
Qc3 Re8 9. e3 Nd5 10. Qd3 Nb4 11. Qe4 c5 12. c3 d5 13. Qh4 Bxh4 14. cxb4 d4 15.
bxc5 dxe3 16. g3 exf2+ 17. Kxf2 Qd4+ 18. Kg2 Qe4+ 19. Nf3 Bg4 20. Kg1 Bxf3 21.
Bb5 Bxh1 22. Bxe8 Qg2# 0-1

[Event "Let's Play Chess!"]
[Site "http://www.queenalice.com/game.php?id=141699"]
[Date "2006.12.14"]
[Round "-"]
[White "porco666"]
[Black "sh4rp3r"]
[Result "1-0"]
[WhiteElo "1500"]
[BlackElo "1397"]

1. d4 e6 2. e4 Bb4+ 3. c3 Ba5 4. Bd2 Nf6 5. e5 Ne4 6. Be3 Nc6 7. Qc1 d6 8. exd6
cxd6 9. f3 Ng5 10. Bxg5 f6 11. Bd2 e5 12. Bb5 e4 13. fxe4 Qe7 14. d5 Qxe4+ 15.
Kf1 O-O 16. dxc6 bxc6 17. Be2 Bg4 18. Bf3 Bxf3 19. gxf3 Qxf3+ 20. Nxf3 Rae8 21.
b4 Bb6 22. Nd4 Bd8 23. Nxc6 Re4 24. Nxd8 Rxd8 25. Qa3 Rde8 26. Qxa7 R4e7 27. Qa6
d5 28. Qc6 Re5 29. c4 d4 30. b5 d3 31. b6 Rb8 32. Qd6 Re4 33. Qxb8+ 1-0

[Event "Let's Play Chess!"]
[Site "http://www.queenalice.com/game.php?id=141740"]
[Date "2006.12.14"]
[Round "-"]
[White "txukahamae"]
[Black "porco666"]
[Result "1-0"]
[WhiteElo "1388"]
[BlackElo "1678"]

1. d4 Nc6 2. Nf3 d5 3. c4 e6 4. Bf4 dxc4 5. e3 Qd5 6. Bxc7 Qb5 7. Qd2 Bb4 8. Nc3
Kd7 9. Bf4 Qf5 10. Bxc4 Nf6 11. Bd3 Qa5 12. O-O Nh5 13. a3 Bf8 14. b4 Nxb4 15.
axb4 Qc7 16. Bxc7 Kxc7 17. b5 Kb6 18. Ne2 Bd7 19. Nf4 Nxf4 20. exf4 Bxb5 21.
Bxb5 Kxb5 22. Rfb1+ Kc6 23. Qc3+ Kd7 24. Rxb7+ 1-0

[Event "Challenge"]
[Site "http://www.queenalice.com/game.php?id=141744"]
[Date "2006.12.14"]
[Round "-"]
[White "claudiocaire"]
[Black "porco666"]
[Result "0-1"]
[WhiteElo "1411"]
[BlackElo "1649"]

1. e4 Nf6 2. Qf3 d5 3. exd5 Nxd5 4. Bc4 Nb6 5. Qxf7+ Kd7 6. Bb5+ c6 7. Bd3 Nd5
8. Qf5+ e6 9. Qf3 Nb4 10. Na3 Bc5 11. Nh3 Nxd3+ 12. Qxd3+ Ke8 13. Qc3 b6 14.
Qxg7 Rf8 15. Qxh7 Rf5 16. O-O Rf7 17. Qg6 Qd5 18. Nf4 Qf5 19. Qh6 Qxf4 20. Qh3
Bxf2+ 21. Kh1 Qe4 22. d3 Qe2 23. Bf4 Rxf4 24. Rae1 Bxe1 25. Rxf4 Bf2 26. Qh8+
Kd7 27. Rf7+ Kd6 28. Nc4+ Kd5 29. h3 Qf1+ 30. Kh2 Qg1# 0-1

[Event "Challenge"]
[Site "http://www.queenalice.com/game.php?id=141772"]
[Date "2006.12.15"]
[Round "-"]
[White "longhi"]
[Black "porco666"]
[Result "0-1"]
[WhiteElo "1458"]
[BlackElo "1450"]

1. b3 e5 2. Ba3 Bxa3 3. Nxa3 Qf6 4. Nc4 d5 5. Ne3 d4 6. Nd5 Qc6 7. c4 e4 8. g3
Be6 9. Nf4 b5 10. Qc1 bxc4 11. Rb1 cxb3 12. axb3 Qb6 13. Nh5 Bxb3 14. Nxg7+ Kf8
15. Nf5 c5 16. Bg2 Nf6 17. Rb2 Nbd7 18. Qb1 Rb8 19. h3 Qe6 20. g4 Ne5 21. Rxb3
Rxb3 22. Qa2 Qc4 23. e3 Nd3+ 24. Ke2 Nc1+ 25. Kd1 Nxa2 26. d3 Qc1+ 27. Ke2 Rb2#
0-1

[Event "Let's Play Chess!"]
[Site "http://www.queenalice.com/game.php?id=141774"]
[Date "2006.12.15"]
[Round "-"]
[White "porco666"]
[Black "DGFerguson"]
[Result "0-1"]
[WhiteElo "1491"]
[BlackElo "1401"]

1. Nc3 c5 2. Na4 e6 3. d4 Nf6 4. Nxc5 Bxc5 5. dxc5 Qa5+ 6. Qd2 Qxc5 7. e3 Ne4 8.
b4 Qe5 9. Qd4 Qf5 10. f3 Nf6 11. Bd3 Qg5 12. g3 Nc6 13. Qc5 Nd5 14. e4 Qe5 15.
Rb1 b6 16. Qc4 Nc3 17. Rb2 O-O 18. Bd2 Na4 19. Rb3 Nb2 20. Bc3 Nxc4 21. Bxe5
N6xe5 22. Be2 Bb7 23. Rc3 Rac8 24. f4 Bxe4 25. Nf3 Bxf3 26. Bxf3 Nxf3+ 27. Rxf3
Nd6 28. Rd3 Ne4 29. Rxd7 Rxc2 30. Rxa7 Rc1+ 31. Ke2 Rxh1 32. Rb7 Rxh2+ 33. Ke3
Nxg3 34. a4 Nf5+ 35. Kf3 Rb2 36. Rxb6 Nd4+ 37. Ke3 Nc2+ 38. Kf3 Nd4+ 39. Ke3
Nf5+ 40. Kd3 Rd8+ 41. Kc3 Rb1 42. a5 Ne7 43. Kc2 Rf1 44. a6 Rxf4 45. a7 Rf2+ 46.
Kc3 Nd5+ 0-1

[Event "x1"]
[Site "http://www.queenalice.com/game.php?id=141777"]
[Date "2006.12.15"]
[Round "-"]
[White "porco666"]
[Black "bradd"]
[Result "0-1"]
[WhiteElo "1510"]
[BlackElo "1692"]

1. d4 b5 2. e4 c6 3. e5 d6 4. exd6 Qxd6 5. Nf3 Qe6+ 6. Ne5 f6 7. c4 fxe5 8. cxb5
exd4+ 9. Be2 Qe4 10. bxc6 Nxc6 11. f3 Qh4+ 12. g3 Qf6 13. Bb5 Qe5+ 14. Qe2 Qxe2+
15. Kxe2 Bb7 16. Rd1 O-O-O 17. Bd3 e5 18. f4 exf4 19. Bxf4 Bd6 20. Bg5 Re8+ 21.
Kd2 h6 22. Bf5+ Kb8 23. Bf4 Bxf4+ 24. gxf4 Rf8 25. Bd7 Rxf4 26. Re1 Nf6 27. Be6
Rd8 28. Kc1 d3 29. Rd1 Rf2 30. Rd2 Rf1+ 31. Rd1 d2+ 32. Nxd2 Rxd1+ 33. Kxd1 Ne4
34. Rc1 Rxd2+ 35. Ke1 Nd4 36. Bc4 Nf3+ 37. Kf1 Rxh2 38. Rd1 Ned2+ 39. Rxd2 Nxd2+
40. Kg1 Nxc4 41. Kxh2 Nxb2 42. Kh3 a5 43. Kh4 g6 44. Kg4 Kc7 45. a3 Kc6 46. Kh4
Kc5 47. Kg3 Kc4 48. Kf4 Kb3 49. Kg4 a4 50. Kh4 Kxa3 51. Kg3 Kb3 52. Kg4 a3 53.
Kh4 a2 54. Kg4 a1=Q 0-1

[Event "Challenge"]
[Site "http://www.queenalice.com/game.php?id=141787"]
[Date "2006.12.15"]
[Round "-"]
[White "porco666"]
[Black "Cat"]
[Result "0-1"]
[WhiteElo "1456"]
[BlackElo "1779"]

1. Nf3 c5 2. d4 cxd4 3. Nxd4 d6 4. Bg5 Nc6 5. e4 Qa5+ 6. Bd2 Qb6 7. Nxc6 bxc6 8.
Be3 Qb4+ 9. Nc3 Nf6 10. Bc1 Nxe4 11. Qd3 Nxc3 12. bxc3 Qa5 13. Qc4 Bd7 14. Qb3
Qb6 15. Be3 c5 16. c4 g6 17. g3 Bg7 18. c3 Qxb3 19. axb3 Bxc3+ 20. Kd1 Bxa1 21.
Bg2 Rb8 22. Kc2 Bg7 23. Bd2 Bf5+ 24. Kd1 O-O 25. b4 cxb4 26. f3 b3 27. Bc1 Rfc8
28. g4 Bd3 29. Re1 Rxc4 30. Bf1 Bc2+ 31. Kd2 Bh6+ 32. f4 Bxf4+ 33. Ke2 Bxc1 34.
Rxc1 Bd3+ 35. Kxd3 Rxc1 36. Be2 b2 37. Kd2 b1=Q 38. Bd3 Rd1+ 39. Ke2 Qxd3+ 40.
Kf2 Rb2# 0-1

[Event "Challenge"]
[Site "http://www.queenalice.com/game.php?id=141789"]
[Date "2006.12.15"]
[Round "-"]
[White "porco666"]
[Black "cislau"]
[Result "0-1"]
[WhiteElo "1464"]
[BlackElo "1669"]

1. e4 e5 2. d4 Nf6 3. dxe5 Nxe4 4. Nf3 Bc5 5. Qe2 Nxf2 6. Bg5 f6 7. exf6+ Kf7 8.
Ne5+ Kg8 9. Nd3 gxf6 10. Bxf6 Qxf6 11. Nxf2 Qxb2 12. Qc4+ Kg7 13. Qxc5 Qxa1 14.
Bd3 Re8+ 15. Kd2 Na6 16. Qg5+ Kh8 17. Qh5 Re7 18. Qh4 Qe5 19. Re1 Qxe1# 0-1

[Event "x1"]
[Site "http://www.queenalice.com/game.php?id=141790"]
[Date "2006.12.15"]
[Round "-"]
[White "cislau"]
[Black "porco666"]
[Result "1-0"]
[WhiteElo "1660"]
[BlackElo "1493"]

1. e4 d5 2. e5 e6 3. d4 Qh4 4. Nf3 Qe4+ 5. Be3 Bb4+ 6. Nbd2 c5 7. Bd3 Qg4 8.
dxc5 Qxg2 9. Rg1 Qh3 10. Rxg7 Nd7 11. Ng5 Qxh2 12. Nxf7 Qh1+ 13. Bf1 Kf8 14. Qg4
h5 15. Qxe6 Nxc5 16. Bxc5+ Bxc5 17. Qg6 Rh6 18. Rxg8+ Ke7 19. Nxh6 Qh2 20. Qf7#
1-0

[Event "Challenge"]
[Site "http://www.queenalice.com/game.php?id=142249"]
[Date "2006.12.16"]
[Round "-"]
[White "porco666"]
[Black "cabelo"]
[Result "0-1"]
[WhiteElo "1540"]
[BlackElo "1608"]

1. d4 Nf6 2. Bg5 Ne4 3. Bh4 d5 4. f3 Nf6 5. e3 Bf5 6. Bb5+ c6 7. Ba4 e6 8. g4
Bg6 9. g5 Nfd7 10. Nh3 Qa5+ 11. Nc3 Bb4 12. Nf4 Bxc3+ 13. bxc3 Qxa4 14. Nxg6
hxg6 15. Qb1 Nb6 16. Bg3 f6 17. gxf6 gxf6 18. Rg1 g5 19. Rh1 Nc4 20. Qxb7 Qxc2
21. Rd1 Qxc3+ 22. Ke2 Qxe3+ 23. Kf1 Qxf3+ 24. Kg1 Qxd1+ 25. Kg2 Ne3+ 26. Kf2
Qxh1 27. Qc8+ Kf7 28. Qxh8 Ng4+ 29. Ke2 Qg2+ 30. Kd3 Qxa2 31. Bd6 Qc4+ 32. Kd2
Qxd4+ 33. Ke2 Qe3+ 34. Kd1 Nf2+ 35. Kc2 Qd3+ 36. Kb2 Nd1+ 37. Ka2 Qc2+ 38. Ka3
Qb2+ 39. Ka4 Nc3+ 40. Ka5 Qb5# 0-1

[Event "Let's Play Chess!"]
[Site "http://www.queenalice.com/game.php?id=142264"]
[Date "2006.12.16"]
[Round "-"]
[White "cesarFCP"]
[Black "porco666"]
[Result "0-1"]
[WhiteElo "1314"]
[BlackElo "1442"]

1. g3 d5 2. Bg2 Nc6 3. c3 d4 4. e3 dxc3 5. Nxc3 Ne5 6. Qh5 Nf6 7. Qxe5 Nd7 8.
Qf4 e5 9. Qf5 f6 10. Nd5 Nb6 11. Qh5+ g6 12. Qf3 Nxd5 13. a4 a5 14. e4 Nb6 15.
Qb3 Qd4 16. Nf3 Qxe4+ 17. Kf1 Bd7 18. d3 Qg4 19. Qc2 Kd8 20. Ra3 Bxa3 21. bxa3
Bxa4 22. Qd2 Nd5 23. Qb2 b6 24. Nxe5 Qd1# 0-1

[Event "Let's Play Chess!"]
[Site "http://www.queenalice.com/game.php?id=142266"]
[Date "2006.12.16"]
[Round "-"]
[White "porco666"]
[Black "cesarFCP"]
[Result "1-0"]
[WhiteElo "1479"]
[BlackElo "1316"]

1. c3 e5 2. Qa4 c6 3. Nf3 b5 4. Qh4 Qxh4 5. Nxh4 Be7 6. Nf3 Bb7 7. Nxe5 f6 8.
Nf3 c5 9. d4 cxd4 10. Nxd4 a6 11. e3 Nc6 12. Be2 Ne5 13. Nf5 Bd8 14. Nxg7+ Kf7
15. Nf5 Bxg2 16. Rg1 Bh3 17. Bh5+ Ke6 18. Nd4+ Kd5 19. Rg3 Be6 20. Nf3 Nd3+ 21.
Kd1 Nxf2+ 22. Ke2 Nh1 23. Rg1 Ng3+ 24. hxg3 Bb6 25. Nd4 Bh3 26. Bf3+ Kc4 27.
Nd2+ Kc5 28. Ne4+ Kd5 29. Nf2+ Ke5 30. Bxa8 Nh6 31. Bb7 a5 32. Nxh3 b4 33. cxb4
axb4 34. Nf3+ Kf5 35. Rd1 Rg8 36. Kf2 Ng4+ 37. Kg1 Nxe3 38. Rxd7 Nc2+ 39. Kg2
Nxa1 40. Rxh7 Nc2 41. Rh5+ Ke6 42. Bd5+ Kd6 43. Bxg8 b3 44. Bxb3 Nb4 45. a3 Nd3
46. Rd5+ Kc6 47. Rxd3 Kc5 48. Be3+ Kc6 49. Rc3+ Kb7 50. Bxb6 Kxb6 51. Rd3 Kc7
52. Nf4 f5 53. Nh4 Kb6 54. Nxf5 Kc6 55. Rc3+ Kd7 56. Be6+ Ke8 57. Rc8# 1-0

[Event "Challenge"]
[Site "http://www.queenalice.com/game.php?id=145803"]
[Date "2006.12.24"]
[Round "-"]
[White "porco666"]
[Black "cabelo"]
[Result "0-1"]
[WhiteElo "1524"]
[BlackElo "1663"]

1. d4 d5 2. e3 Nc6 3. Bb5 Bd7 4. Nc3 e5 5. dxe5 Nxe5 6. Qe2 Bb4 7. Bxd7+ Qxd7 8.
Qh5 Qd6 9. a3 Bxc3+ 10. bxc3 Nf6 11. Qe2 O-O 12. Nf3 Ne4 13. Bb2 Nc4 14. Bc1
Nxc3 15. Qd3 Ne4 16. Qb3 b6 17. a4 Rad8 18. Nd2 Nexd2 19. Bxd2 Nxd2 20. Kxd2 c5
21. a5 Rfe8 22. Rhe1 Qxh2 23. axb6 axb6 24. Qxb6 Qxg2 25. Re2 d4 26. exd4 Rxd4+
27. Kc1 Qf1+ 28. Kb2 Qxe2 29. Qc6 Rb4+ 30. Ka3 Qe6 31. Qxc5 Qb6 32. Qxb4 Ra8+
33. Kb3 Qxb4+ 34. Kxb4 Rxa1 35. c4 h5 36. c5 h4 37. c6 h3 38. c7 Rc1 39. c8=R+
Rxc8 40. Kb5 h2 41. f3 h1=Q 42. f4 Qb1+ 0-1

[Event "Let's Play Chess!"]
[Site "http://www.queenalice.com/game.php?id=148269"]
[Date "2006.12.31"]
[Round "-"]
[White "CampbellMarcel"]
[Black "porco666"]
[Result "0-1"]
[WhiteElo "1374"]
[BlackElo "1509"]

1. e4 Nf6 2. Nc3 e5 3. Nf3 d6 4. Bc4 Be6 5. Bxe6 fxe6 6. O-O Nc6 7. Ng5 Qd7 8.
d3 d5 9. Re1 Bb4 10. a3 Ba5 0-1

[Event "Porco666-vs-BlackBishop"]
[Site "http://www.queenalice.com/game.php?id=153558"]
[Date "2007.1.13"]
[Round "-"]
[White "porco666"]
[Black "BlackBishop"]
[Result "0-1"]
[WhiteElo "1523"]
[BlackElo "1658"]

1. e4 b6 2. Bc4 Bb7 3. Qf3 e6 4. d3 Bc5 5. Qh5 Qf6 6. Nf3 g6 7. Qg4 Na6 8. e5
Qe7 9. b3 Nb4 10. Na3 f6 11. Bb2 fxe5 12. Nxe5 Qf6 13. O-O Nh6 14. Qh3 Rf8 15.
Qg3 O-O-O 16. d4 Nf5 17. Qc3 Bxd4 0-1